00910cam a2200241 i 4500020001500000020001800015082001500033100002400048245005000072250001900122260005000141300003800191490003300229650003400262650002400296650002000320856006800340856006800408856006800476942000700544952010000551999001700651 a0199640165 a978019964016404a303.6bCHA1 aChaudhry, Ayesha S.10aDomestic violence and the Islamic tradition : aFirst edition. aUnited KingdombOxford University Pressc2013 axii, 258 pages :billustrations ;1 aOxford Islamic legal studies 0aFamily violence (Islamic law) 0aWomen (Islamic law) 0aIslamic ethics.42uhttp://www.loc.gov/catdir/enhancements/fy1410/2013947083-b.html42uhttp://www.loc.gov/catdir/enhancements/fy1410/2013947083-d.html41uhttp://www.loc.gov/catdir/enhancements/fy1410/2013947083-t.html cBK 00104070aHMIbHMIcGENd2018-06-20g1750.00l0o303.6 CHAp24822r2018-06-20w2026-01-16yBK c21132d21132